{"text_format":"3","workbook":"xlsx","n_sheets":1,"sheets":["t239"],"read":"whole","date_system":"1900"}

{"sheet":"t239","index":0,"n_rows":158,"n_cols":7,"rows_kept":158,"merged":[[0,0,0,6],[30,0,30,5],[45,0,45,5],[143,0,143,5]]}
["TABELA 239.1 - Estatísticas Agrícolas, Município de Ipaussu, Estado de São Paulo, 2007/08."]
["ITEM","UNIDADE","N.DE UPAs","MÍNIMO","MÉDIO","MÁXIMO","TOTAL"]
["Distância à sede do município","km",140,{"v":1,"d":"1.0"},{"v":5.52,"d":"5.5"},{"v":14,"d":"14.0"},"-"]
["Área total","hectare",140,0.3,{"v":139.57,"d":"139.6"},{"v":2732.4,"d":"2,732.4"},{"v":19539.6,"d":"19,539.6"}]
["Área com cultura perene","hectare",20,0.3,{"v":11.67,"d":"11.7"},69.1,233.4]
["Área com cultura temporária","hectare",105,2.4,{"v":128.37,"d":"128.4"},{"v":2194.4,"d":"2,194.4"},{"v":13478.5,"d":"13,478.5"}]
["Área com pastagem","hectare",63,{"v":1,"d":"1.0"},{"v":59.85,"d":"59.9"},{"v":1128,"d":"1,128.0"},{"v":3770.5,"d":"3,770.5"}]
["Área com reflorestamento","hectare",6,0.4,{"v":4.38,"d":"4.4"},{"v":10,"d":"10.0"},26.3]
["Área com vegetação natural","hectare",48,0.3,{"v":26.81,"d":"26.8"},{"v":300,"d":"300.0"},{"v":1286.9,"d":"1,286.9"}]
["Área com vegetação de brejo e várzea","hectare",29,0.3,{"v":9.39,"d":"9.4"},{"v":106,"d":"106.0"},272.3]
["Área em descanso","hectare",5,0.1,2.9,4.8,14.5]
["Área complementar","hectare",116,0.1,{"v":3.94,"d":"3.9"},{"v":70,"d":"70.0"},457.2]
["Área das UPAs com (0, 1] ha","hectare",1,0.3,0.3,0.3,0.3]
["Área das UPAs com (1, 2] ha","hectare",9,1.2,1.5,1.8,13.5]
["Área das UPAs com (2, 5] ha","hectare",8,2.4,{"v":4.23,"d":"4.2"},4.8,33.8]
["Área das UPAs com (5, 10] ha","hectare",13,5.2,{"v":7.92,"d":"7.9"},{"v":10,"d":"10.0"},102.9]
["Área das UPAs com (10, 20] ha","hectare",17,10.5,14.8,19.3,251.6]
["Área das UPAs com (20, 50] ha","hectare",37,20.6,{"v":32.06,"d":"32.1"},49.7,{"v":1186.1,"d":"1,186.1"}]
["Área das UPAs com (50, 100] ha","hectare",21,53.2,{"v":73.65,"d":"73.7"},96.8,{"v":1546.6,"d":"1,546.6"}]
["Área das UPAs com (100, 200] ha","hectare",5,{"v":121,"d":"121.0"},{"v":152.76,"d":"152.8"},188.7,763.8]
["Área das UPAs com (200, 500] ha","hectare",24,208.9,{"v":334.28,"d":"334.3"},{"v":478,"d":"478.0"},{"v":8022.6,"d":"8,022.6"}]
["Área das UPAs com (500, 1.000] ha","hectare",2,629.1,732.3,835.5,{"v":1464.6,"d":"1,464.6"}]
["Área das UPAs com (1.000, 2.000] ha","hectare",1,{"v":1227.4,"d":"1,227.4"},{"v":1227.4,"d":"1,227.4"},{"v":1227.4,"d":"1,227.4"},{"v":1227.4,"d":"1,227.4"}]
["Área das UPAs com (2.000, 5.000] ha","hectare",2,{"v":2194,"d":"2,194.0"},{"v":2463.2,"d":"2,463.2"},{"v":2732.4,"d":"2,732.4"},{"v":4926.4,"d":"4,926.4"}]
["Área das UPAs com (5.000, 10.000] ha","hectare","-","-","-","-","-"]
["Área das UPAs acima de 10.000 ha","hectare","-","-","-","-","-"]
["Familiares do proprietário que trabalham na UPA","unidade",22,{"v":1,"d":"1.0"},{"v":1.68,"d":"1.7"},{"v":5,"d":"5.0"},{"v":37,"d":"37.0"}]
["Trabalhadores permanentes","unidade",61,{"v":1,"d":"1.0"},{"v":21.33,"d":"21.3"},{"v":1050,"d":"1,050.0"},{"v":1301,"d":"1,301.0"}]
["Fonte: Secretaria de Agricultura e Abastecimento, CDRS/IEA, Projeto LUPA."]
[]
["TABELA 239.2 - Explorações Animais, Município de Ipaussu, Estado de São Paulo, 2007/08."]
["ITEM","UNIDADE","N.DE UPAs","MÍNIMO","MÉDIO","MÁXIMO","TOTAL"]
["Asininos E Muares","cabeças",2,{"v":1,"d":"1.0"},1.5,{"v":2,"d":"2.0"},{"v":3,"d":"3.0"}]
["Bovinocultura de Corte","cabeças",12,{"v":24,"d":"24.0"},{"v":444.92,"d":"444.9"},{"v":2000,"d":"2,000.0"},{"v":5339,"d":"5,339.0"}]
["Bovinocultura Leiteira","cabeças",6,{"v":2,"d":"2.0"},{"v":55.83,"d":"55.8"},{"v":301,"d":"301.0"},{"v":335,"d":"335.0"}]
["Bovinocultura Mista","cabeças",26,{"v":3,"d":"3.0"},{"v":35.38,"d":"35.4"},{"v":364,"d":"364.0"},{"v":920,"d":"920.0"}]
["Caprinocultura","cabeças",1,{"v":22,"d":"22.0"},{"v":22,"d":"22.0"},{"v":22,"d":"22.0"},{"v":22,"d":"22.0"}]
["Cunicultura","cabeças",1,{"v":1,"d":"1.0"},{"v":1,"d":"1.0"},{"v":1,"d":"1.0"},{"v":1,"d":"1.0"}]
["Equinocultura","cabeças",20,{"v":1,"d":"1.0"},{"v":11.05,"d":"11.1"},{"v":71,"d":"71.0"},{"v":221,"d":"221.0"}]
["Helicicultura","viveiros",1,{"v":1,"d":"1.0"},{"v":1,"d":"1.0"},{"v":1,"d":"1.0"},{"v":1,"d":"1.0"}]
["Minhocultura","canteiros",1,{"v":2,"d":"2.0"},{"v":2,"d":"2.0"},{"v":2,"d":"2.0"},{"v":2,"d":"2.0"}]
["Piscicultura","m² tanques",1,{"v":1500,"d":"1,500.0"},{"v":1500,"d":"1,500.0"},{"v":1500,"d":"1,500.0"},{"v":1500,"d":"1,500.0"}]
["Suinocultura","cabeças",2,{"v":1,"d":"1.0"},10.5,{"v":20,"d":"20.0"},{"v":21,"d":"21.0"}]
["Fonte: Secretaria de Agricultura e Abastecimento, CDRS/IEA, Projeto LUPA."]
[]
["TABELA 239.3 -  Máquinas, Implementos e Benfeitorias, Município de Ipaussu, Estado de São Paulo, 2007/08."]
["ITEM","UNIDADE","N.DE UPAs","MÍNIMO","MÉDIO","MÁXIMO","TOTAL"]
["Arado Comum (Bacia, Aiveca)","Unidade",18,{"v":1,"d":"1.0"},{"v":1.11,"d":"1.1"},{"v":2,"d":"2.0"},{"v":20,"d":"20.0"}]
["Arado Escarificador","Unidade",1,{"v":1,"d":"1.0"},{"v":1,"d":"1.0"},{"v":1,"d":"1.0"},{"v":1,"d":"1.0"}]
["Arado Subsolador","Unidade",3,{"v":1,"d":"1.0"},{"v":1,"d":"1.0"},{"v":1,"d":"1.0"},{"v":3,"d":"3.0"}]
["Batedeira de Cereais","Unidade",1,{"v":1,"d":"1.0"},{"v":1,"d":"1.0"},{"v":1,"d":"1.0"},{"v":1,"d":"1.0"}]
["Carregadeira de Cana","Unidade",1,{"v":1,"d":"1.0"},{"v":1,"d":"1.0"},{"v":1,"d":"1.0"},{"v":1,"d":"1.0"}]
["Colhedeira Acoplada","Unidade",1,{"v":1,"d":"1.0"},{"v":1,"d":"1.0"},{"v":1,"d":"1.0"},{"v":1,"d":"1.0"}]
["Colhedeira Automotriz","Unidade",4,{"v":1,"d":"1.0"},{"v":1,"d":"1.0"},{"v":1,"d":"1.0"},{"v":4,"d":"4.0"}]
["Conj.Irrigação Autopropelido","Unidade",1,{"v":1,"d":"1.0"},{"v":1,"d":"1.0"},{"v":1,"d":"1.0"},{"v":1,"d":"1.0"}]
["Conj.Irrigação Convencional","Unidade",2,{"v":1,"d":"1.0"},{"v":1,"d":"1.0"},{"v":1,"d":"1.0"},{"v":2,"d":"2.0"}]
["Conj.Irrigação/Gotejamento/Microaspersão","Unidade",1,{"v":1,"d":"1.0"},{"v":1,"d":"1.0"},{"v":1,"d":"1.0"},{"v":1,"d":"1.0"}]
["Desintegrador, Picador, Triturador","Unidade",8,{"v":1,"d":"1.0"},{"v":1.13,"d":"1.1"},{"v":2,"d":"2.0"},{"v":9,"d":"9.0"}]
["Distribuidor de Calcário","Unidade",5,{"v":1,"d":"1.0"},{"v":1,"d":"1.0"},{"v":1,"d":"1.0"},{"v":5,"d":"5.0"}]
["Ensiladeira","Unidade",3,{"v":1,"d":"1.0"},{"v":2,"d":"2.0"},{"v":4,"d":"4.0"},{"v":6,"d":"6.0"}]
["Grade Aradora (Tipo Romi)","Unidade",10,{"v":1,"d":"1.0"},1.2,{"v":3,"d":"3.0"},{"v":12,"d":"12.0"}]
["Grade Niveladora","Unidade",12,{"v":1,"d":"1.0"},{"v":1.25,"d":"1.3"},{"v":2,"d":"2.0"},{"v":15,"d":"15.0"}]
["Microtrator","Unidade",2,{"v":1,"d":"1.0"},{"v":1,"d":"1.0"},{"v":1,"d":"1.0"},{"v":2,"d":"2.0"}]
["Misturador de Ração","Unidade",1,{"v":1,"d":"1.0"},{"v":1,"d":"1.0"},{"v":1,"d":"1.0"},{"v":1,"d":"1.0"}]
["Pulverizador Tratorizado","Unidade",13,{"v":1,"d":"1.0"},{"v":1.54,"d":"1.5"},{"v":4,"d":"4.0"},{"v":20,"d":"20.0"}]
["Roçadeira Tratorizada","Unidade",2,{"v":1,"d":"1.0"},{"v":1,"d":"1.0"},{"v":1,"d":"1.0"},{"v":2,"d":"2.0"}]
["Semeadeira/Adubadeira para Plantio Convencional","Unidade",6,{"v":1,"d":"1.0"},1.5,{"v":2,"d":"2.0"},{"v":9,"d":"9.0"}]
["Semeadeira/Plantadeira Plantio Direto","Unidade",4,{"v":1,"d":"1.0"},{"v":1.75,"d":"1.8"},{"v":2,"d":"2.0"},{"v":7,"d":"7.0"}]
["Terraceador","Unidade",4,{"v":1,"d":"1.0"},{"v":1,"d":"1.0"},{"v":1,"d":"1.0"},{"v":4,"d":"4.0"}]
["Trator de Esteiras","Unidade",1,{"v":4,"d":"4.0"},{"v":4,"d":"4.0"},{"v":4,"d":"4.0"},{"v":4,"d":"4.0"}]
["Trator de Pneus","Unidade",28,{"v":1,"d":"1.0"},{"v":2.29,"d":"2.3"},{"v":7,"d":"7.0"},{"v":64,"d":"64.0"}]
["Açude/Represa","Unidade",24,{"v":1,"d":"1.0"},{"v":2.33,"d":"2.3"},{"v":13,"d":"13.0"},{"v":56,"d":"56.0"}]
["Almoxarifado/Oficina","Unidade",6,{"v":1,"d":"1.0"},{"v":1,"d":"1.0"},{"v":1,"d":"1.0"},{"v":6,"d":"6.0"}]
["Armazém para Grãos Ensacados","Sacas",6,{"v":1,"d":"1.0"},600.5,{"v":2500,"d":"2,500.0"},{"v":3603,"d":"3,603.0"}]
["Balança para Bovinos","Unidade",4,{"v":1,"d":"1.0"},{"v":1.25,"d":"1.3"},{"v":2,"d":"2.0"},{"v":5,"d":"5.0"}]
["Balança para Veículos","Unidade",1,{"v":1,"d":"1.0"},{"v":1,"d":"1.0"},{"v":1,"d":"1.0"},{"v":1,"d":"1.0"}]
["Barracão para Granja/Avicultura","Unidade",2,{"v":1,"d":"1.0"},{"v":1,"d":"1.0"},{"v":1,"d":"1.0"},{"v":2,"d":"2.0"}]
["Barracão/Galpão/Garagem","Unidade",41,{"v":1,"d":"1.0"},{"v":1.59,"d":"1.6"},{"v":5,"d":"5.0"},{"v":65,"d":"65.0"}]
["Casa de Moradia Habitada","Unidade",80,{"v":1,"d":"1.0"},{"v":3.76,"d":"3.8"},{"v":79,"d":"79.0"},{"v":301,"d":"301.0"}]
["Casa de Moradia Total","Unidade",83,{"v":1,"d":"1.0"},4.7,{"v":84,"d":"84.0"},{"v":390,"d":"390.0"}]
["Curral/Mangueira","Unidade",30,{"v":1,"d":"1.0"},{"v":1.23,"d":"1.2"},{"v":3,"d":"3.0"},{"v":37,"d":"37.0"}]
["Depósito/Tulha","Unidade",29,{"v":1,"d":"1.0"},{"v":1.52,"d":"1.5"},{"v":6,"d":"6.0"},{"v":44,"d":"44.0"}]
["Engenho","Unidade",2,{"v":1,"d":"1.0"},{"v":1,"d":"1.0"},{"v":1,"d":"1.0"},{"v":2,"d":"2.0"}]
["Estábulo","Unidade",6,{"v":1,"d":"1.0"},{"v":1.67,"d":"1.7"},{"v":3,"d":"3.0"},{"v":10,"d":"10.0"}]
["Instalações para Equinos","Unidade",5,{"v":1,"d":"1.0"},9.8,{"v":28,"d":"28.0"},{"v":49,"d":"49.0"}]
["Máquina de Benefício","Unidade",4,{"v":1,"d":"1.0"},{"v":1,"d":"1.0"},{"v":1,"d":"1.0"},{"v":4,"d":"4.0"}]
["Pocilga","Unidade",9,{"v":1,"d":"1.0"},{"v":2.22,"d":"2.2"},{"v":6,"d":"6.0"},{"v":20,"d":"20.0"}]
["Poço Semi-Artesiano","Unidade",12,{"v":1,"d":"1.0"},{"v":1,"d":"1.0"},{"v":1,"d":"1.0"},{"v":12,"d":"12.0"}]
["Secador de Grãos","Unidade",2,{"v":1,"d":"1.0"},{"v":1,"d":"1.0"},{"v":1,"d":"1.0"},{"v":2,"d":"2.0"}]
["Silo para Silagem","t",1,{"v":2,"d":"2.0"},{"v":2,"d":"2.0"},{"v":2,"d":"2.0"},{"v":2,"d":"2.0"}]
["Terreiro","m²",32,{"v":1,"d":"1.0"},{"v":2676,"d":"2,676.0"},{"v":24000,"d":"24,000.0"},{"v":85632,"d":"85,632.0"}]
["Usina de Açúcar/destilaria","Unidade",1,{"v":1,"d":"1.0"},{"v":1,"d":"1.0"},{"v":1,"d":"1.0"},{"v":1,"d":"1.0"}]
["Fonte: Secretaria de Agricultura e Abastecimento, CDRS/IEA, Projeto LUPA."]
[]
["TABELA 239.4 - Outras Estatísticas Agrícolas, Município de Ipaussu, Estado de São Paulo, 2007/08."]
["ITEM","Número de UPAs",null,"Percentual"]
["Faz Parte de Associação de Produtores",71,null,{"v":50.714285714285715,"d":"50.7"}]
["Faz Parte de Cooperativa de Produtores",60,null,{"v":42.85714285714286,"d":"42.9"}]
["Faz Parte do Sindicato de Produtores",48,null,{"v":34.285714285714285,"d":"34.3"}]
["Não utiliza assistência técnica ",46,null,{"v":32.857142857142854,"d":"32.9"}]
["Utiliza somente assistência técnica governamental ",19,null,{"v":13.571428571428571,"d":"13.6"}]
["Utiliza somente assistência técnica privada ",45,null,{"v":32.142857142857146,"d":"32.1"}]
["Utiliza assistência técnica tanto governamental quanto privada",30,null,{"v":21.42857142857143,"d":"21.4"}]
["Utiliza Crédito Rural",23,null,{"v":16.42857142857143,"d":"16.4"}]
["Utiliza Seguro Rural",15,null,{"v":10.714285714285715,"d":"10.7"}]
["Utiliza Escrituração Agrícola",48,null,{"v":34.285714285714285,"d":"34.3"}]
["Acessa Internet p/ Fins na Agropecuária",25,null,{"v":17.857142857142858,"d":"17.9"}]
["Utiliza Computador nas Atividades Agropecuárias",31,null,{"v":22.142857142857142,"d":"22.1"}]
["Utiliza Energia Elétrica Para Uso na Atividade Agrícola",107,null,{"v":76.42857142857143,"d":"76.4"}]
["Realiza Análise de Solo, quando necessário",62,null,{"v":44.285714285714285,"d":"44.3"}]
["Utiliza Práticas de Conservação de Solo, quando necessário",109,null,{"v":77.85714285714286,"d":"77.9"}]
["Faz Adubação Mineral, quando necessário",94,null,{"v":67.14285714285714,"d":"67.1"}]
["Faz Adubação Orgânica, quando necessário",12,null,{"v":8.571428571428571,"d":"8.6"}]
["Faz Adubação Verde, quando necessário",5,null,{"v":3.5714285714285716,"d":"3.6"}]
["Utiliza Manejo Integrado de Pragas (MIP)","-",null,"-"]
["Utiliza Hidroponia","-",null,"-"]
["Utiliza Plasticultura",2,null,{"v":1.4285714285714286,"d":"1.4"}]
["Utiliza Mudas Fiscalizadas",45,null,{"v":32.14285714285714,"d":"32.1"}]
["Utiliza Semente Melhorada",19,null,{"v":13.571428571428571,"d":"13.6"}]
["Faz Confinamento de Bovinos",2,null,{"v":1.4285714285714286,"d":"1.4"}]
["Utiliza Pastejo Intensivo",9,null,{"v":6.428571428571429,"d":"6.4"}]
["Faz Inseminação Artificial",2,null,{"v":1.4285714285714286,"d":"1.4"}]
["Faz Mineralização do Rebanho",23,null,{"v":16.42857142857143,"d":"16.4"}]
["Faz Vermifugação do Rebanho",25,null,{"v":17.857142857142858,"d":"17.9"}]
["Possui Parceiros /Arrendatários na Exploração Animal",29,null,{"v":20.71428571428571,"d":"20.7"}]
["Esporte e lazer",2,null,{"v":1.4285714285714286,"d":"1.4"}]
["Extração mineral","-",null,"-"]
["Hotel Fazenda, Pousada ou SPA","-",null,"-"]
["Pesque-pague","-",null,"-"]
["Restaurante ou Lanchonete",1,null,{"v":0.7142857142857143,"d":"0.7"}]
["Transformação artesanal","-",null,"-"]
["Turismo rural ou ecoturismo","-",null,"-"]
["Outras atividades econômicas rurais",4,null,{"v":2.857142857142857,"d":"2.9"}]
["Agroindústria","-",null,"-"]
["Proprietário sem instrução ou com instrução incompleta",3,null,{"v":2.1428571428571432,"d":"2.1"}]
["Proprietário com antigo primário completo",35,null,{"v":25,"d":"25.0"}]
["Proprietário com 1° grau (ou antigo ginasial) completo",9,null,{"v":6.428571428571429,"d":"6.4"}]
["Proprietário com 2° grau (ou antigo colegial) completo",13,null,{"v":9.285714285714286,"d":"9.3"}]
["Proprietário com curso superior completo ",74,null,{"v":52.85714285714286,"d":"52.9"}]
["Pessoa Jurídica",6,null,{"v":4.2857142857142865,"d":"4.3"}]
["Proprietário residente na própria UPA ",23,null,{"v":16.42857142857143,"d":"16.4"}]
["Fonte: Secretaria de Agricultura e Abastecimento, CDRS/IEA, Projeto LUPA."]
[]
["TABELA 239.5 - Área Cultivada, Município de Ipaussu, Estado de São Paulo, 2007/08."]
["CULTURA","N.DE UPAs","MÍNIMO","MÉDIO","MÁXIMO","TOTAL"]
["Cana-de-acucar",90,2.4,143.6,{"v":2194.4,"d":"2,194.4"},{"v":12924,"d":"12,924.0"}]
["Braquiaria",60,{"v":1,"d":"1.0"},{"v":61.72,"d":"61.7"},{"v":1128,"d":"1,128.0"},{"v":3703.3,"d":"3,703.3"}]
["Soja",16,7.2,{"v":30.59,"d":"30.6"},181.5,489.4]
["Milho",14,1.5,{"v":33.78,"d":"33.8"},181.5,472.9]
["Cafe",20,0.3,{"v":11.67,"d":"11.7"},69.1,233.4]
["Trigo",1,{"v":121,"d":"121.0"},{"v":121,"d":"121.0"},{"v":121,"d":"121.0"},{"v":121,"d":"121.0"}]
["Eucalipto",6,0.4,{"v":4.38,"d":"4.4"},{"v":10,"d":"10.0"},26.3]
["Coloniao",1,25.2,25.2,25.2,25.2]
["Sorgo",1,{"v":25,"d":"25.0"},{"v":25,"d":"25.0"},{"v":25,"d":"25.0"},{"v":25,"d":"25.0"}]
["Gramas",3,{"v":4,"d":"4.0"},{"v":8,"d":"8.0"},{"v":10,"d":"10.0"},{"v":24,"d":"24.0"}]
["Outras gramineas para pastagem",1,{"v":17,"d":"17.0"},{"v":17,"d":"17.0"},{"v":17,"d":"17.0"},{"v":17,"d":"17.0"}]
["Capim-napier (ou capim-elefante)",1,{"v":1,"d":"1.0"},{"v":1,"d":"1.0"},{"v":1,"d":"1.0"},{"v":1,"d":"1.0"}]
["Fonte: Secretaria de Agricultura e Abastecimento, CDRS/IEA, Projeto LUPA."]